Technical Report Writing/ (Record no. 69270)

MARC details
000 -LEADER
fixed length control field 00555nam a22001817a 4500
003 - CONTROL NUMBER IDENTIFIER
control field URS
005 - DATE AND TIME OF LATEST TRANSACTION
control field 20230425164522.0
008 - FIXED-LENGTH DATA ELEMENTS--GENERAL INFORMATION
fixed length control field 230425b |||||||| |||| 00| 0 eng d
020 ## - INTERNATIONAL STANDARD BOOK NUMBER
International Standard Book Number 97897148171516
040 ## - CATALOGING SOURCE
Transcribing agency URSR
050 00 - LIBRARY OF CONGRESS CALL NUMBER
Classification number Fil T11 G1657
Item number 2009
245 10 - TITLE STATEMENT
Title Technical Report Writing/
Statement of responsibility, etc. Carlos Aquino Garcia, Gorgina Budaria Adorable, Belen Zabala de Asis
260 ## - PUBLICATION, DISTRIBUTION, ETC.
Place of publication, distribution, etc. Manila:
Name of publisher, distributor, etc. Booklore Publishing Corporation
Date of publication, distribution, etc. 2009
300 ## - PHYSICAL DESCRIPTION
Extent 280 pages
Other physical details illustrations,
Dimensions 26.5 cm
650 ## - SUBJECT ADDED ENTRY--TOPICAL TERM
Source of heading or term Technical Writing
650 ## - SUBJECT ADDED ENTRY--TOPICAL TERM
Source of heading or term Report Writing
942 ## - ADDED ENTRY ELEMENTS (KOHA)
Source of classification or shelving scheme Library of Congress Classification
Koha item type Filipiniana
Holdings
Withdrawn status Source of classification or shelving scheme Damaged status Not for loan Home library Current library Date acquired Source of acquisition Total Checkouts Full call number Barcode Date last seen Price effective from Koha item type
  Library of Congress Classification     Rodriguez College Library Rodriguez College Library 04/25/2023 Purchased   Fil T11 G1657 2009 URSROD-5001 04/25/2023 04/25/2023 Filipiniana

University of Rizal System
Email us at univlibservices@urs.edu.ph

Visit our Website www.urs.edu.ph/library